LDR 00522naa#a2200169#i#450# 001 EN\\bibl\123047 005 20260513052643.3 011 ## _a2782-1927 100 ## _a20260330b2026####ek#y0engy0150####ca 102 ## _aRU 200 1# _aThe development of creative clusters in the Russian regions _eJournal article 210 1# _aYaroslavl _cYaroslavl State Technical University _d2026 215 ## _a13 с. 608 ## _aJournal article _2local 700 #1 _aBerendeeva _gAlla Borisovna 700 #1 _aSuhanova _gMariya Aleksandrovna 856 4# _ajraic.com _u